00840nam a2200277Ia 450000100060000000300100000600500170001600700030003300800410003602000150007704000350009204100080012708400110013510000190014624500740016525000220023926400290026130000390029033600270032933700330035633800280038965000330041765000390045065000390048970000340052857518CO-BoRNBP20250708155557.0ta121119s2001 sp a gr 000 j spa  a8495150980 aCO-BoRNBPbspaerdacCO-BoRNBP1 aspa aA DUB1 aDubois, Claude10aFuera el pañalcClaude K. Dubois ; traducción de Anna Coll-Vinent aPrimera edición 1aBarcelonabCorimboc2001 a12 páginasbilustracionesc35 cm atextobtxt2rdacontent asin mediaciónbn2rdamedia avolumenbnc2rdacarrier07aEducación de niños2LEMB07aCuentos infantiles franceses2LEMB00aLiteratura infantil francesa2LEMB aColl Vinent, Annaetraductor